| 000 | 00356pab a2200145 454500 | ||
|---|---|---|---|
| 008 | 180718b1990 xxu||||| |||| 00| 0 eng d | ||
| 100 | _aMohite, B.P. | ||
| 245 | _aOctroi tax in Pune Municipal Corporation | ||
| 260 | _c1990 | ||
| 300 | _a49-51 | ||
| 362 | _aMay | ||
| 650 | _aLocal Government - India - Pune | ||
| 773 | _aCivic Affairs | ||
| 909 | _a12931 | ||
| 999 |
_c12931 _d12931 |
||